ბათუმის შოთა რუსთაველის სახელმწიფო უნივერსიტეტის ბიბლიოთეკა

ქართული პროზა:წ.17:შიო არაგვისპირელი;ჭოლა ლომთათიძე (ბიბ.ჩანაწერი № 43722)

000 -LEADER
fixed length control field 00974nam a2200205Ia 4500
001 - CONTROL NUMBER
control field 10463
003 - CONTROL NUMBER IDENTIFIER
control field GE_BSU
008 - FIXED-LENGTH DATA ELEMENTS--GENERAL INFORMATION
fixed length control field 181216s||||||||xx |||||||||||||| ||und||
020 ## - INTERNATIONAL STANDARD BOOK NUMBER
International Standard Book Number 9789992895269
040 ## - CATALOGING SOURCE
Transcribing agency GE_BSU
080 ## - UNIVERSAL DECIMAL CLASSIFICATION NUMBER
Universal Decimal Classification number 821.353.1–3+821.353.1–32
245 ## - TITLE STATEMENT
Title ქართული პროზა:წ.17:შიო არაგვისპირელი;ჭოლა ლომთათიძე
245 ## - TITLE STATEMENT
Statement of responsibility, etc. შემდგ:გ.გვერდწითელი;რ.თვარაძე;სარედ.კოლ:გრ.აბაშიძე და სხვ. რედ:ნ.აბესაძე;მხატვ:დ.დუნდუა
260 ## - PUBLICATION, DISTRIBUTION, ETC.
Place of publication, distribution, etc. თბილისი
260 ## - PUBLICATION, DISTRIBUTION, ETC.
Name of publisher, distributor, etc. საბჭოთა საქართველო
260 ## - PUBLICATION, DISTRIBUTION, ETC.
Date of publication, distribution, etc. 1989
300 ## - PHYSICAL DESCRIPTION
Extent 638გვ;20სმ.
653 ## - INDEX TERM--UNCONTROLLED
Uncontrolled term ქართული პროზა:წ.17:შიო არაგვისპირელი;ჭოლა ლომთათიძე
942 ## - ADDED ENTRY ELEMENTS (KOHA)
Koha item type წიგნი
ეგზემპლარები
Withdrawn status Lost status Damaged status Not for loan Date acquired Barcode Date last seen Price effective from Koha item type
        2018-12-17 34218 2018-12-17 2018-12-17 წიგნი
        2018-12-17 34219 2018-12-17 2018-12-17 წიგნი